Residential mortgage lending
| Main Author: | |
|---|---|
| Format: | Book |
| Published: |
Virginia :
Prentice Hall ,
1985
|
| Subjects: |
MARC
| LEADER | 00000cam a2200000 7i4500 | ||
|---|---|---|---|
| 001 | 0000009479 | ||
| 005 | 20220629.0 | ||
| 020 | |a 0835966542 | ||
| 040 | |a INS | ||
| 090 | 0 | 0 | |a HG2040.5.U6 |b D46 1985 |
| 100 | 1 | |a Dennis, Marshall W. | |
| 245 | 1 | 0 | |a Residential mortgage lending |c Marshall W. Dennis |
| 260 | |a Virginia : |b Prentice Hall , |c 1985 | ||
| 300 | |a 377p. ; |c 24 cm. | ||
| 650 | 0 | 0 | |a Mortgage loans |z United States |
| 999 | |a 0000024045 |b BOOK |c Open Shelf |e Default branch | ||